| 000 | 01172cam a2200301 4500 | ||
|---|---|---|---|
| 008 | 090401t1997 xxu||||| |||| 00| 0 eng d | ||
| 020 | _a1859350399 | ||
| 035 | _a(Sirsi) u82678 | ||
| 041 | _aeng | ||
| 050 | _a306.13 | ||
| 100 | _aMaclennan, Duncan | ||
| 245 | _aFixed commitments, uncertain incomes: sustainable owner-occupation and the economy. | ||
| 260 |
_aYork _bJoseph Rowntree Foundation _c1997 |
||
| 300 | _a60p. ; 30cm. | ||
| 350 | _a11.95 | ||
| 520 | _aThe report looks at whether changes in the economic situation of home-owners and mortgage borrowers has influenced market developments and affected the stability of the market. It also considers whether labour market changes led to a permanent shift in the demand for owner-occupation and what policy actions would promote sustainability in the owner-occupied sector. | ||
| 650 | _aECONOMIC CYCLES | ||
| 650 | _aHOUSING MARKET | ||
| 650 | _aOWNER-OCCUPIERS | ||
| 650 |
_aSustainability _96271 |
||
| 690 | _aHOUSING | ||
| 700 | _aMeen, Geoff | ||
| 700 | _aGibb, Kenneth | ||
| 700 | _aStephens, Mark | ||
| 710 |
_aJoseph Rowntree Foundation _92318 |
||
| 942 | _n0 | ||
| 948 | _c15/12/1997 | ||
| 999 |
_c96815 _d96815 |
||